Statistics for Asian Countries by GDP Quiz

Click here to take the quiz!

General Stats

  • This quiz has been taken 939 times
  • The average score is 17 of 20

Answer Stats

GDPCountry% Correct
5,878,257China
100%
5,458,872Japan
99%
1,537,9666India
98%
966,735Indonesia
97%
1,007,084South Korea
95%
434,440Saudi Arabia
93%
312,605Thailand
92%
337,901Iran
91%
166,515Pakistan
91%
92,439Vietnam
90%
191,463Malaysia
89%
177,132Singapore
87%
239,650United Arab Emirates
86%
426,984Taiwan
83%
83,910Qatar
80%
94,509Bangladesh
79%
194,825Israel
79%
189,991Philippines
76%
111,309Kuwait
71%
109,273Kazakhstan
66%

Score Distribution

Percentile by Number Answered

Percent of People with Each Score

Your Score History

You have not taken this quiz